<?xml version="1.0" encoding="UTF-8"?><?xml-stylesheet type="text/xsl" href="static/style.xsl"?><OAI-PMH xmlns="http://www.openarchives.org/OAI/2.0/" xmlns:xsi="http://www.w3.org/2001/XMLSchema-instance" xsi:schemaLocation="http://www.openarchives.org/OAI/2.0/ http://www.openarchives.org/OAI/2.0/OAI-PMH.xsd"><responseDate>2026-04-27T21:46:32Z</responseDate><request verb="GetRecord" identifier="oai:uvadoc.uva.es:10324/67231" metadataPrefix="marc">https://uvadoc.uva.es/oai/request</request><GetRecord><record><header><identifier>oai:uvadoc.uva.es:10324/67231</identifier><datestamp>2025-01-17T10:10:21Z</datestamp><setSpec>com_10324_1143</setSpec><setSpec>com_10324_931</setSpec><setSpec>com_10324_894</setSpec><setSpec>col_10324_1930</setSpec></header><metadata><record xmlns="http://www.loc.gov/MARC21/slim" xmlns:doc="http://www.lyncode.com/xoai" xmlns:xsi="http://www.w3.org/2001/XMLSchema-instance" xmlns:dcterms="http://purl.org/dc/terms/" xsi:schemaLocation="http://www.loc.gov/MARC21/slim http://www.loc.gov/standards/marcxml/schema/MARC21slim.xsd">
<leader>00925njm 22002777a 4500</leader>
<datafield tag="042" ind1=" " ind2=" ">
<subfield code="a">dc</subfield>
</datafield>
<datafield tag="720" ind1=" " ind2=" ">
<subfield code="a">Sanz Trigueros, Francisco Javier</subfield>
<subfield code="e">author</subfield>
</datafield>
<datafield tag="260" ind1=" " ind2=" ">
<subfield code="c">2015</subfield>
</datafield>
<datafield tag="520" ind1=" " ind2=" ">
<subfield code="a">Enseñanza, adquisición y aprendizaje de la lengua extranjera (LE). Una re visión teórica desde la práctica reflexiva del aula. Alfonso Martínez Rebollo. &#xd;
Murcia: Edit.um, Ediciones de la Universidad de Murcia, 2014. ISBN 978-84-16038-35-0. 525 páginas.</subfield>
</datafield>
<datafield tag="024" ind2=" " ind1="8">
<subfield code="a">https://uvadoc.uva.es/handle/10324/67231</subfield>
</datafield>
<datafield tag="245" ind1="0" ind2="0">
<subfield code="a">Reseña del libro Enseñanza, adquisición y aprendizaje de la lengua extranjera (LE). Una revisión teórica desde la práctica reflexiva del aula, de A. Martínez Rebollo</subfield>
</datafield>
</record></metadata></record></GetRecord></OAI-PMH>